000 00218 a2200097 4500
001 48391
100 _aIspahani, M.A.H
245 _aLeningrad to Samarkand
260 _aKarachi
_bForward pub
_c
090 _c31331
_d31331
942 _aNUST-CAE
_cM
_c23705
999 _c283464
_d283464